La ville à mi-chemin - France - Statistiques

Statistiques générales
  • Ce quiz a été pris 437 fois
  • Le résultat moyen est 6 sur 10
Réponses sur la Carte
Les réponses sont colorées sur une échelle allant du rouge au vert en fonction du pourcentage des utilisateurs qui les ont devinées à leur premier essai. Vous pouvez retrouver ces pourcentages ci-dessous.
 
Statistiques - réponses
Ville 1 Distance
(km)
Réponse Distance
(km)
Ville 2 % Correct
Le Mans 127,5 Orléans 125 Auxerre
89%
Saint-Quentin 467,5 Annecy 489 Ajaccio
76%
Rennes 67,5 Laval 72,5 Le Mans
68%
Bordeaux 408 Nîmes 431 Bastia
66%
Brest 415 Poitiers 400 Valence
59%
Aubusson 181,5 Rodez 185 Perpignan
57%
Toulouse 173 Brive-la-Gaillarde 184 Châteauroux
46%
Evreux 318 Montluçon 321 Montpellier
45%
Valenciennes 410 Chalon-sur-Saône 416 Toulon
32%
Nantes 165 Châtellerault 166 Montluçon
28%
Aucun quiz correspondant
Distribution des résultats
% des personnes avec chaque résultat
Percentile par nombre de réponses
Votre historique - résultats
Vous n’avez pas pris ce quiz